|
|
|
|
| LEADER |
00788nam a2200205 a 4500 |
| 001 |
011932108 |
| 008 |
090723r20031965enk 000 d eng d |
| 020 |
|
|
|a 0140441468 (pbk.) :
|c £7.99
|
| 040 |
|
|
|a Uk
|c Uk
|
| 082 |
0 |
4 |
|a 839.8226
|2 21
|
| 100 |
1 |
|
|a Ibsen, Henrik,
|d 1828-1906
|
| 245 |
1 |
0 |
|a A doll's house :
|b and other plays /
|c Henrik Ibsen ; translated by Peter Watts.
|
| 260 |
|
|
|a London :
|b Penguin,
|c [2003?]
|
| 300 |
|
|
|a 335 p. ;
|c 20 cm.
|
| 490 |
0 |
|
|a Penguin classics
|
| 500 |
|
|
|a Cover title.
|
| 541 |
1 |
|
|e 00014181
|
| 852 |
4 |
|
|a Ayesha Abed Library
|j General Shelf.
|
| 999 |
|
|
|c 2919
|d 2919
|
| 952 |
|
|
|0 0
|1 0
|2 ddc
|4 0
|6 839_822600000000000_HEN_1965
|7 0
|9 2648
|a BRACUL
|b BRACUL
|c GEN
|d 2009-07-30
|g 745.00
|l 3
|m 14
|o 839.8226 HEN
|p 3010014181
|q 2025-11-18
|r 2025-08-13
|s 2025-08-13
|t 1
|w 2009-07-30
|y BK
|